[Event "Catalunya-ch U14"]
[Site "Sabadell"]
[Date "2010.01.30"]
[Round "3.4"]
[White "Mata Gutierrez, Alex"]
[Black "De la Paz Alcantara, David"]
[Result "0-1"]
[WhiteElo "1885"]
[BlackElo "1754"]
[PlyCount "72"]
[EventDate "2010.01.16"]
[EventType "swiss"]
[EventRounds "6"]
[EventCountry "ESP"]
[SourceTitle "EXT 2024"]
[Source "ChessBase"]
[SourceDate "2023.10.10"]
[SourceVersion "1"]
[SourceVersionDate "2023.10.10"]
[SourceQuality "1"]

1. e4 e5 2. Nf3 Nc6 3. Bc4 Nf6 4. Ng5 d5 5. exd5 Na5 6. Bb5+ Bd7 7. Qe2 Bd6 8. d4 Qe7 9. Bxd7+ Nxd7 10. 0-0 0-0-0 11. Qb5 b6 12. Re1 h6 13. Ne4 exd4 14. Nxd6+ Qxd6 15. b4 Nb7 16. Na3 Rhe8 17. Bb2 Nf6 18. Rxe8 Rxe8 19. Bxd4 Qxd5 20. Qd3 Nd8 21. c4 Qd7 22. c5 Nc6 23. Qa6+ Kb8 24. Nb5 Nd5 25. cxb6 cxb6 26. a3 f5 27. h3 Nxd4 28. Nxd4 Nc3 29. Rc1 Qxd4 30. Kh1 f4 31. a4 Qxf2 32. Rf1 Re1 33. Rxe1 Qxe1+ 34. Kh2 Ne2 35. h4 Ng3 36. Kh3 h5 0-1